000 00645nam a2200217Ii 4500
003 JO-AjNU
008 230606s9999||||xx |||||||||||||| ||und||
020 _a978-1-29202-708-1
040 _aJO-AjNU
_beng
_erda
_cJO-AjNU
041 _aeng
050 1 4 _aTA153.R38 2014
100 3 _aRevelle, Whitlatch ,Wright,
_eauthor
_94465
245 0 0 _aCivil and Environmental Systems Engineering
250 _a2 ed
264 3 1 _aLondon :pearson , 2014
300 _a508p
336 _atext
_btxt
_2rdacontent
337 _aunmediated
_bn
_2rdamedia
338 _avolume
_bnc
_2rdacarrier
650 4 _aCivil - Environmental Systems Engineering
_94466
999 _aE2318
_c2316
_d2316